ARRUPE JESUIT UNIVERSITY

CORONAVIRUS -STOP THE SPREAD - CLEAN,DISINFECT,COVER

John Duns Scotus : (Record no. 120939)

MARC details
000 -LEADER
fixed length control field 01021cam a2200289 a 4500
001 - CONTROL NUMBER
control field 4871099
003 - CONTROL NUMBER IDENTIFIER
control field ARRUPE
005 - DATE AND TIME OF LATEST TRANSACTION
control field 20140924163848.0
008 - FIXED-LENGTH DATA ELEMENTS--GENERAL INFORMATION
fixed length control field 921215s1993 ilua 000 0 eng
010 ## - LIBRARY OF CONGRESS CONTROL NUMBER
LC control number 92044732
020 ## - INTERNATIONAL STANDARD BOOK NUMBER
International Standard Book Number 0819909602 :
Terms of availability $10.95
040 ## - CATALOGING SOURCE
Original cataloging agency DLC
Transcribing agency DLC
Modifying agency DLC
050 00 - LIBRARY OF CONGRESS CALL NUMBER
Classification number B765.D74
Item number W57 1993
082 00 - DEWEY DECIMAL CLASSIFICATION NUMBER
Classification number 189/.4
Edition number 20
300 ## - PHYSICAL DESCRIPTION
Other physical details ill. ;
Dimensions 22 cm.
100 1# - MAIN ENTRY--PERSONAL NAME
Personal name Wolter, Allan Bernard,
Dates associated with a name 1913-
9 (RLIN) 11590
245 10 - TITLE STATEMENT
Title John Duns Scotus :
Remainder of title Mary's architect /
Statement of responsibility, etc by Allan B. Wolter and Blane O'Neill.
260 ## - PUBLICATION, DISTRIBUTION, ETC. (IMPRINT)
Place of publication, distribution, etc Quincy, Ill. :
Name of publisher, distributor, etc Franciscan Press,
Date of publication, distribution, etc c1993.
300 ## - PHYSICAL DESCRIPTION
Extent ix, 90 p. :
500 ## - GENERAL NOTE
General note Errata slip inserted.
600 20 - SUBJECT ADDED ENTRY--PERSONAL NAME
Personal name Duns Scotus, John,
Dates associated with a name approximately 1266-1308.
9 (RLIN) 6822
650 #0 - SUBJECT ADDED ENTRY--TOPICAL TERM
Topical term or geographic name as entry element Philosophy, Medieval.
9 (RLIN) 11591
650 #0 - SUBJECT ADDED ENTRY--TOPICAL TERM
Topical term or geographic name as entry element Individualism.
9 (RLIN) 11592
700 1# - ADDED ENTRY--PERSONAL NAME
Personal name O'Neill, Blane,
Dates associated with a name 1924-
9 (RLIN) 11593
906 ## - LOCAL DATA ELEMENT F, LDF (RLIN)
a 7
b cbc
c orignew
d 1
e ocip
f 19
g y-gencatlg
942 ## - ADDED ENTRY ELEMENTS (KOHA)
Source of classification or shelving scheme Library of Congress Classification
Koha item type Monograph ( Printed materials)
Holdings
Withdrawn status Lost status Source of classification or shelving scheme Damaged status Not for loan Collection code Home library Current library Shelving location Date acquired Total Checkouts Full call number Barcode Date last seen Price effective from Koha item type
    Library of Congress Classification     Main Collection ARRUPE LIBRARY ARRUPE LIBRARY Main Collection 24/09/2014   B765.D74 W57 1993 46500000383 24/09/2014 24/09/2014 Monograph ( Printed materials)

 

Arrupe Library. PO Box MP320 Mt Pleasant, Harare, Zimbabwe
263 242 745411|librarian@aju.ac.zw